<?xml version="1.0" encoding="UTF-8"?>
<marc:record xmlns:marc="http://www.loc.gov/MARC21/slim">
   <marc:leader>00000nam a2200000 a 4500</marc:leader>
   <marc:datafield ind1="0" ind2="0" tag="245">
      <marc:subfield code="a">Defense devil</marc:subfield>
   </marc:datafield>
   <marc:datafield ind1="0" ind2="0" tag="245">
      <marc:subfield code="c">Story von Youn In-Wan. Zeichn. von Yang Kyung-Il. [Aus dem Japan. von Yohana Araki. Textbearb.: Germann Bergmann</marc:subfield>
   </marc:datafield>
   <marc:datafield ind1=" " ind2="1" tag="264">
      <marc:subfield code="a">Hamburg</marc:subfield>
      <marc:subfield code="b">Carlsen</marc:subfield>
      <marc:subfield code="c">2011</marc:subfield>
   </marc:datafield>
   <marc:datafield ind1="1" ind2=" " tag="520">
      <marc:subfield code="a">Angaben aus der Verlagsmeldung

Defense Devil, Band 1 / von Youn In-Wan, Yang Kyung-Il

Der Dämon Kukabara ist aus der Hölle verbannt worden und hat all seine Energie verloren. Nun lungert er in der Zwischenwelt herum. Doch dann hat er eine Idee: Er will ein Defense Devil werden, ein Anwalt für all jene, die in der Zwischenwelt auf ihr jüngstes Gericht warten...
</marc:subfield>
   </marc:datafield>
   <marc:datafield ind1=" " ind2=" " tag="020">
      <marc:subfield code="a">9783551794710</marc:subfield>
      <marc:subfield code="9">9783551794710</marc:subfield>
   </marc:datafield>
   <marc:datafield ind1=" " ind2=" " tag="041">
      <marc:subfield code="a">ger</marc:subfield>
   </marc:datafield>
   <marc:datafield ind1=" " ind2=" " tag="300">
      <marc:subfield code="a">113, [93] S.</marc:subfield>
   </marc:datafield>
</marc:record>
